<?xml version="1.0" encoding="UTF-8"?>
<record
    xmlns:xsi="http://www.w3.org/2001/XMLSchema-instance"
    xsi:schemaLocation="http://www.loc.gov/MARC21/slim http://www.loc.gov/standards/marcxml/schema/MARC21slim.xsd"
    xmlns="http://www.loc.gov/MARC21/slim">

  <leader>00801nam a2200217   4500</leader>
  <controlfield tag="005">20211122003505.0</controlfield>
  <controlfield tag="008">211121s1976    pe  |||fr|||| 001 0 spa d</controlfield>
  <datafield tag="040" ind1=" " ind2=" ">
    <subfield code="a">CENDOC CAAAP</subfield>
    <subfield code="b">spa</subfield>
    <subfield code="c">CAAAP</subfield>
  </datafield>
  <datafield tag="041" ind1=" " ind2=" ">
    <subfield code="a">spa</subfield>
  </datafield>
  <datafield tag="050" ind1=" " ind2=" ">
    <subfield code="a">PM 5636</subfield>
    <subfield code="b">.A34</subfield>
  </datafield>
  <datafield tag="100" ind1="1" ind2=" ">
    <subfield code="9">4445</subfield>
    <subfield code="a">Albisetti, C&#xE9;sar</subfield>
  </datafield>
  <datafield tag="245" ind1="1" ind2=" ">
    <subfield code="a">Enciclop&#xE9;dia bororo /</subfield>
    <subfield code="c">C&#xE9;sar Albisetti y &#xC1;ngelo Jayme Venturelli</subfield>
  </datafield>
  <datafield tag="250" ind1=" " ind2=" ">
    <subfield code="a">1ra ed.</subfield>
  </datafield>
  <datafield tag="260" ind1=" " ind2=" ">
    <subfield code="a">Campo Grande, Mato Grosso, Brasil:</subfield>
    <subfield code="b">Instituto de pesquisasetnogr&#xE1;ficas,</subfield>
    <subfield code="c">1976</subfield>
  </datafield>
  <datafield tag="300" ind1=" " ind2=" ">
    <subfield code="a">3 tomos</subfield>
  </datafield>
  <datafield tag="505" ind1=" " ind2=" ">
    <subfield code="a">Contiene : Canto para o inicio de  cacada &#xE1; Anta -- Caanto para o inicio de uma pescaira --Canto o inicio d ecacada com fogo.</subfield>
  </datafield>
  <datafield tag="650" ind1="1" ind2="0">
    <subfield code="9">1486</subfield>
    <subfield code="a">Ind&#xED;genas bororo</subfield>
  </datafield>
  <datafield tag="650" ind1="2" ind2="0">
    <subfield code="9">270</subfield>
    <subfield code="a">Etnograf&#xED;a</subfield>
  </datafield>
  <datafield tag="700" ind1="1" ind2=" ">
    <subfield code="9">4446</subfield>
    <subfield code="a">Venturelli, &#xC1;ngelo Jayme</subfield>
    <subfield code="e">autor</subfield>
  </datafield>
  <datafield tag="942" ind1=" " ind2=" ">
    <subfield code="2">lcc</subfield>
    <subfield code="b">21- 11 - 21</subfield>
    <subfield code="c">BK</subfield>
  </datafield>
  <datafield tag="999" ind1=" " ind2=" ">
    <subfield code="c">2915</subfield>
    <subfield code="d">2915</subfield>
  </datafield>
</record>
